000 00271nam a22001097a 4500
008 170120b xxu||||| |||| 00| 0 eng d
020 _a0534011497
041 _aeng
080 _a618.2
245 _aNURSING MODELS/ ANALYSIS AND EVALUATION
_cTHIBODEAU, J.A
942 _2udc
_cBK
999 _c3213
_d3213